Learning Resource and Development

Tour guiding as a profession (Record no. 6832)

MARC details
000 -LEADER
fixed length control field 00946nam a22002777a 4500
005 - DATE AND TIME OF LATEST TRANSACTION
control field 20230512222516.0
008 - FIXED-LENGTH DATA ELEMENTS--GENERAL INFORMATION
fixed length control field 180131t xxu||||| |||| 00| 0 eng d
020 ## - INTERNATIONAL STANDARD BOOK NUMBER
International Standard Book Number 9786214150281
040 ## - CATALOGING SOURCE
Transcribing agency CSPC
082 0# - DEWEY DECIMAL CLASSIFICATION NUMBER
Classification number 338.4
Item number Sa313t
100 ## - MAIN ENTRY--PERSONAL NAME
Personal name Salamanca, Ma. Dolores N.,
Relator term author.
245 00 - TITLE STATEMENT
Title Tour guiding as a profession
Statement of responsibility, etc. Ma. Dolores N. Salamanca
260 ## - PUBLICATION, DISTRIBUTION, ETC.
Place of publication, distribution, etc. Manila :
Name of publisher, distributor, etc. JFS Publishing Services;
Date of publication, distribution, etc. 2016.
300 ## - PHYSICAL DESCRIPTION
Extent 171 pages :
Other physical details figures; images ;
Dimensions 23 cm.
336 ## - CONTENT TYPE
Source rdacontent
Content type term text
337 ## - MEDIA TYPE
Source rdamedia
Media type term unmediated
338 ## - CARRIER TYPE
Source rdacarrier
Carrier type term volume
504 ## - BIBLIOGRAPHY, ETC. NOTE
Bibliography, etc. note Includes Bibliography page(169)
650 10 - SUBJECT ADDED ENTRY--TOPICAL TERM
Topical term or geographic name entry element Tour guides (Persons)
General subdivision Vocational guidance.
650 10 - SUBJECT ADDED ENTRY--TOPICAL TERM
Topical term or geographic name entry element Tour guides (Persons)
General subdivision Training of.
650 10 - SUBJECT ADDED ENTRY--TOPICAL TERM
Topical term or geographic name entry element Tourism
General subdivision Study and teaching.
940 ## - EQUIVALENCE OR CROSS-REFERENCE--UNIFORM TITLE [OBSOLETE] [CAN/MARC only]
Uniform title <a href="Lenie">Lenie</a>
942 ## - ADDED ENTRY ELEMENTS (KOHA)
Koha item type
-- FIL 338.4 Sa313t 2016
Holdings
Withdrawn status Lost status Damaged status Not for loan Home library Current library Shelving location Date acquired Total Checkouts Full call number Barcode Date last seen Copy number Price effective from Koha item type Date last checked out
        Main Library Main Library Filipiniana Section 05/12/2023   FIL 338.4 Sa313t 2016 019651 05/12/2023 1-5 05/12/2023 Books  
        Main Library Main Library Filipiniana Section 05/12/2023   FIL 338.4 Sa313t 2016 019652 05/12/2023 2-5 05/12/2023 Books  
        Main Library Main Library Filipiniana Section 05/12/2023   FIL 338.4 Sa313t 2016 019653 05/12/2023 3-5 05/12/2023 Books  
        Main Library Main Library Filipiniana Section 05/12/2023 1 FIL 338.4 Sa313t 2016 019654 09/03/2024 4-5 05/12/2023 Books 08/05/2024
        Main Library Main Library Filipiniana Section 05/12/2023   FIL 338.4 Sa313t 2016 019655 05/12/2023 5-5 05/12/2023 Books